Papežové moderního věku (3., rozšířené vydání)

Saved in:
Bibliographic Details
Main Author Jaroslav, Šebek
Format Electronic eBook
LanguageCzech
Published Čas 2025
Edition1. elektronické vydání
Subjects
Online AccessDostupné v BOOKPORT po přihlášení pomocí eduID
ISBN978-80-7475-524-8
978-80-7475-522-4
978-80-7475-521-7
Physical Description1 online zdroj (296 stran)

Cover

LEADER 00000nam a2200000 i 4500
001 bkp458534033
003 CZ-prgp
005 20250805142802.0
006 m o d
007 cr cn
008 250805s2025 xr o 000 0 cze
020 |a 978-80-7475-524-8  |c 279 Kč  |q (online ; pdf) 
020 |a 978-80-7475-522-4  |c 279 Kč  |q (online ; epub) 
020 |a 978-80-7475-521-7  |c 399 Kč  |q (print) 
040 |a Grada  |b cze  |e rda 
100 1 |a Jaroslav, Šebek 
245 1 0 |a Papežové moderního věku (3., rozšířené vydání)  |c Šebek Jaroslav 
250 |a 1. elektronické vydání 
264 1 |b Čas  |c 2025 
300 |a 1 online zdroj (296 stran) 
336 |a text  |b txt  |2 rdacontent 
337 |a počítač  |b c  |2 rdamedia 
338 |a online zdroj  |b cr  |2 rdacarrier 
520 3 |a Třetí, rozšířené vydání úspěšné publikace známého historika Jaroslava Šebka, vycházející krátce po zvolení Lva XIV. papežem, představuje působení a odkaz pontifiků, kteří vstoupili do dění ve dvacátém století a na Petrově stolci sedí až do našich dnů. Do výběru jsou zahrnuti i dva papežové, kteří svůj úřad sice zastávali ještě v předminulém století (Pius IX. a Lev XIII.), avšak důsledky jejich politiky se promítaly i do věku následujícího. Dvacáté století a současnost jsou zajímavé z hlediska postupné proměny papežů coby monarchů do jejich podoby pastýřské. Navíc nám poslední léta nabídla ojedinělý historický úkaz, kdy se v hektickém tempu odehrávají viditelné změny přímo před našima očima. V roce 2013 začala psát novou kapitolu moderního papežství dobrovolná rezignace Benedikta XVI. Jeho odstoupení dalo do pohybu bez nadsázky revoluční vývoj, když u kormidla Petrovy lodičky stanul jako jeho nástupce František, papež v mnoha ohledech nevšední. Přestože nám zatím chybí větší časový odstup, je nade vši pochybnost zřejmé, že jeho pontifikát ovlivní i ty, kteří přijdou po něm. Právě celému, už uzavřenému Františkovu působení je ve třetím vydání věnována zevrubná pozornost, přičemž autor mu druhé vydání osobně předal ve Vatikánu. Přirozeně nechybí ani nová kapitola věnovaná Lvu XIV., zatímco texty o předchozích papežích byly aktualizovány a doplněny. Třetí, rozšířené vydání X. svazku Edice Český ČAS představuje moderní papeže především ve vztahu k dění v evropské katolické církvi. Podstatnou součástí jsou však i kapitoly, zabývající se vztahem Vatikánu a jednotlivých pontifiků k českým zemím. Originální pohled v tomto směru přinášejí zejména materiály Tajného vatikánského archivu a Historického archivu Státního sekretariátu, které doposud nebyly v české reflexi vztahů s papežstvím příliš zohledněny. Kniha tak přináší nejen obecné, přehledně setříděné informace, ale také nové, aktualizované poznatky a překvapivé souvislosti. 
650 0 4 |a Společenské vědy, historie 
650 0 4 |a Historie 
650 0 4 |a Dějiny 
856 4 0 |u https://www.bookport.cz/AccountSaml/SignIn/?idp=https://shibboleth.utb.cz/idp/shibboleth&returnUrl=/kniha/papezove-moderniho-veku-3-rozsirene-vydani-15193/  |y Dostupné v BOOKPORT po přihlášení pomocí eduID